Privatizácia, hybná sila transformácie. 2

Pokračovanie článku generálneho riaditeľa a. s. Slovnaft Ing. Slavomíra Hatinu o transformácii štátneho podniku a jeho rozvoji po privatizácii r. 1992.

Na minha lista:
Detalhes bibliográficos
Autor principal: Hatina, Slavomír
Formato: Capítulo de Livro
Idioma:eslovaco
Assuntos:
Tags: Adicionar Tag
Sem tags, seja o primeiro a adicionar uma tag!

MARC

LEADER 00000naa a2200000 4500
001 r025663
005 20230824085359.3
041 0 |a slo 
044 |a SK 
245 1 0 |a Privatizácia, hybná sila transformácie. 2  |c Slavomír Hatina 
520 |a Pokračovanie článku generálneho riaditeľa a. s. Slovnaft Ing. Slavomíra Hatinu o transformácii štátneho podniku a jeho rozvoji po privatizácii r. 1992. 
610 2 0 |a Slovensko 
610 2 0 |a 1992-1997 
610 2 0 |a rafinérie 
610 2 0 |a Slovnaft, a.s. Bratislava 
610 2 0 |a podnik štátny 
610 2 0 |a privatizácia 
100 1 |a Hatina, Slavomír